[Event "Portugal Open 2020"]
[Site "Lisbon"]
[Date "2020.01.25"]
[Round "1.1"]
[White "Atakay, Mustafa"]
[Black "Motylev, Alexander"]
[Result "0-1"]
[WhiteElo "1886"]
[BlackElo "2640"]
[Annotator "TA"]
[PlyCount "65"]
[EventDate "2020.01.25"]
[EventType "swiss"]
[EventCountry "POR"]
[SourceTitle "playchess.com"]
[Source "ChessBase"]
[SourceQuality "1"]

{[%evp 16,65,0,0,24,-1,16,0,0,-30,-31,-22,0,-18,-10,-64,-72,-163,-77,-89,-43,-44,-33,-105,-131,-136,-129,-140,-87,-130,-118,-129,-136,-132,-137,-130,-70,-87,-69,-81,-56,-110,-133,-134,-151,-152,-107,-452,-643,-667,-675,-839]} 1. d4 Nf6 2. c4 e6 3. g3 Bb4+ 4. Bd2 Be7 5. Bg2 d5 6. Nf3 O-O 7. O-O Nbd7 8. Qc2 c6 9. Rd1 a5 {E11: Bogo-Indian} 10. b3 (10. Bf4 b5 11. c5 Nh5 12. Bd2 f5 13. a3 g5 14. Bc3 Ng7 15. b4 a4 16. e3 {½-½ (31) Leko,P (2666)-Shankland,S (2679) Budva 2019}) 10... b6 11. Bf4 Ba6 {The position is equal.} 12. Ne5 Nxe5 13. Bxe5 Rc8 14. Nd2 Ng4 15. Bf4 $146 ({White should try} 15. Nf3 $11) ({Predecessor:} 15. Nf3 Nxe5 16. Nxe5 {½-½ (32) Tsiganova,M (2229)-Dubinka,I (2295) Stockholm 1999}) 15... g5 $15 16. Bf3 {[#]} (16. Be5 $17 {is a better defense.}) 16... Nh6 ({Resist} 16... gxf4 17. Bxg4 c5 18. dxc5 $15) (16... Nxf2 $1 $19 {has better winning chances.} 17. Kxf2 gxf4 18. gxf4 c5 19. cxd5 (19. Rg1+ Kh8 $17) 19... Bf6) 17. Be3 $17 f5 {...f4 is the strong threat.} 18. Nf1 Bd6 19. c5 ({White should play} 19. Bc1 $15) 19... bxc5 20. dxc5 Bc7 21. Bc1 Qf6 (21... f4 $142 22. Bb2 e5) 22. Rb1 Qg6 23. b4 Rb8 24. bxa5 {[#]} Rxb1 $1 25. Qxb1 g4 (25... e5 $17 {White must now prevent ...e4.} 26. Qc2 f4 27. Qxg6+ hxg6) 26. Bg2 $15 Bxe2 27. Re1 Ba6 28. Bd2 (28. Bf4 $15 Bxa5 29. Re3) 28... Nf7 29. Bc3 Ng5 30. Nd2 Qh5 {And now ...f4 would win.} 31. Kh1 $2 {[%mdl 8192]} (31. Be5 $17 {is more resistant.} Bxa5 32. Qb2) 31... f4 $19 {( -> ...fxg3)} 32. Be5 f3 33. Bxc7 {Accuracy: White = 18%, Black = 54%.} 0-1

[Event "Portugal Open 2020"]
[Site "Lisbon"]
[Date "2020.01.25"]
[Round "1.2"]
[White "Tari, Aryan"]
[Black "Monteiro, Jose Macedo"]
[Result "1-0"]
[WhiteElo "2635"]
[BlackElo "1881"]
[Annotator "TA"]
[PlyCount "59"]
[EventDate "2020.01.25"]
[EventType "swiss"]
[EventCountry "POR"]
[SourceTitle "playchess.com"]
[Source "ChessBase"]
[SourceQuality "1"]

{[%evp 9,59,17,11,13,28,-29,-40,-32,-5,-76,-34,-55,0,0,37,14,155,167,157,175,324,313,302,306,522,508,532,529,574,518,548,562,572,561,609,614,559,543,676,687,917,957,898,762,835,781,6794,6682,5801,5614,29985,29986]} 1. c4 e5 2. Nc3 Nc6 3. Nf3 f5 4. d4 e4 5. Ng5 Bb4 6. Nh3 {A27: English Opening: Three Knights Variation} (6. c5 h6 7. Nh3 g5 8. d5 Bxc3+ 9. bxc3 Ne5 10. Qd4 d6 11. f4 exf3 12. cxd6 f2+ 13. Nxf2 cxd6 {0-1 (41) Moiseenko,V (2526)-Gajewski,G (2626) Moscow 2019}) 6... Qf6 7. a3 (7. e3 $142) 7... Bxc3+ $1 $11 8. bxc3 {[%cal Bb2c3,Bc3c4][%mdl 32] Black is slightly better.} Qf7 $146 ({Predecessor:} 8... d6 9. Bg5 Qf7 10. e3 h6 11. Bh4 g5 12. Be2 Nf6 13. Bg3 O-O {0-1 (50) Sairanov,T (2021)-Dolomatov,N (2211) St Petersburg 2019}) 9. d5 (9. c5 $11) 9... Ne5 10. Bf4 Nxc4 (10... d6 $15) 11. Qd4 $36 {[%mdl 2048] White is more active.} Nb6 12. Bxc7 {aiming for e3.} Nf6 {[#]} (12... Nxd5 $11 13. Ng5 Qg6 14. Qxd5 Qxg5) 13. c4 $1 $16 O-O 14. Bd6 Re8 {[#]} (14... Na4 $142 15. Ng5 Qe8) 15. e3 $1 $18 Na4 16. c5 b6 $2 (16... Nxc5 {was worth a try.} 17. Bxc5 b6) 17. Qxa4 bxc5 18. Bc4 Kh8 19. O-O h6 20. Bxc5 d6 21. Bxd6 g5 22. Bb5 Bd7 23. Bxd7 Nxd7 24. Rac1 {[%cal Ba1c1,Bc1c7,Bc7e7,Be7f7][%mdl 32]} f4 25. Rc7 Rad8 26. Rb1 Qf5 27. Qd4+ Nf6 {[#]} 28. Be7 $1 Rxe7 29. Rxe7 f3 {[#]} 30. Rf7 $1 {Accuracy: White = 62%, Black = 32%.} 1-0

[Event "Portugal Open 2020"]
[Site "Lisbon"]
[Date "2020.01.25"]
[Round "1.3"]
[White "Julio, Joao Manuel dos Sant"]
[Black "Grigoryan, Karen H."]
[Result "0-1"]
[WhiteElo "2082"]
[BlackElo "2632"]
[Annotator "TA"]
[PlyCount "68"]
[EventDate "2020.01.25"]
[EventType "swiss"]
[EventCountry "POR"]
[SourceTitle "playchess.com"]
[Source "ChessBase"]
[SourceQuality "1"]

{[%evp 14,68,20,19,13,14,22,14,36,22,33,29,45,24,22,14,13,0,0,0,0,-3,0,0,0,-16,0,0,-8,-25,-23,-20,-11,-26,-20,-33,0,-18,-9,-192,-203,-210,-205,-193,-200,-272,-276,-379,-365,-363,-360,-639,-625,-719,-582,-576,-575]} 1. e4 c5 2. Nf3 a6 3. c4 Nc6 4. d4 cxd4 5. Nxd4 Nf6 6. Nc3 e5 7. Nc2 Bc5 8. Be2 d6 {B28: Sicilian: 2 Nf3 a6 (O'Kelly Variation)} 9. O-O h6 (9... Be6 10. Kh1 Rc8 11. f4 h6 12. b3 Nd4 13. Bb2 O-O 14. Na4 Nxe2 15. Qxe2 {1-0 (30) Motylev,A (2643)-Pridorozhni,A (2556) Kaliningrad 2015}) 10. Be3 Be6 {The position is equal.} 11. Qd2 O-O 12. Rad1 $146 ({Predecessor:} 12. Rac1 Rc8 13. Rfd1 Re8 14. f3 Qb6 15. b3 Red8 16. Bf1 Bxe3+ 17. Qxe3 Qxe3+ 18. Nxe3 {0-1 (56) Lengyel,B (2246)-Kantsler,B (2394) Budapest 2016}) 12... Kh7 13. Kh1 Ng4 14. Bxc5 dxc5 15. Bxg4 (15. f3 {keeps more tension.} Nf6 16. Nd5 Kg8 17. a3 a5 18. Bd3) 15... Bxg4 16. f3 Be6 17. Ne3 Nd4 18. Ncd5 b5 19. Rc1 b4 20. Qf2 a5 {[%cal Ba6a5,Ba5a4][%mdl 32]} 21. h3 a4 22. f4 exf4 23. Nxf4 Qg5 24. Nd3 {With the idea Nd5.} Rfe8 25. Rce1 {next Nd5 is good for White.} b3 $36 {[%cal Bb4b3,Bb3c2][%mdl 2080] Black is more active.} 26. a3 $2 {[#]} (26. axb3 $11 axb3 27. e5) 26... Nc2 $1 $19 {[%mdl 512]} 27. Nxc2 {And now Ne3 would win.} Bxc4 28. Re3 {Strongly threatening Rg3.} bxc2 29. Rg3 Qf6 $1 {[%cal Rf6f2]} 30. Rc1 Qxf2 31. Nxf2 Bb3 32. Nd3 $2 (32. Rc3) 32... Rad8 {Black is clearly winning.} 33. Nf2 Rd2 34. Rf3 Red8 {Accuracy: White = 32%, Black = 71%.} 0-1

[Event "Portugal Open 2020"]
[Site "Lisbon"]
[Date "2020.01.25"]
[Round "1.4"]
[White "Alekseev, Evgeny"]
[Black "Pipiras, Filipa Fortuna"]
[Result "1-0"]
[WhiteElo "2623"]
[BlackElo "1876"]
[Annotator "TA"]
[PlyCount "83"]
[EventDate "2020.01.25"]
[EventType "swiss"]
[EventCountry "POR"]
[SourceTitle "playchess.com"]
[Source "ChessBase"]
[SourceQuality "1"]

{[%evp 15,83,33,36,33,42,6,29,12,9,22,33,1,0,0,0,0,11,20,50,19,31,0,12,14,76,51,48,55,59,55,84,60,70,88,74,70,92,90,112,98,117,81,102,81,100,107,108,120,320,283,579,533,558,493,353,840,1418,1389,1522,1469,5365,5365,29987,29988,29988,29989,29993,29992,29998,29999]} 1. e4 e5 2. Nf3 Nc6 3. Bb5 a6 4. Ba4 Nf6 5. d3 d6 6. c3 Be7 7. O-O O-O 8. Re1 Re8 9. h3 {C84: Closed Ruy Lopez: Unusual White 6th moves} h6 10. Be3 Bf8 11. Nbd2 {White has an edge.} b5 12. Bc2 $146 ({Predecessor:} 12. Bb3 Na5 13. Bc2 c5 14. d4 Qc7 15. d5 Bd7 {0-1 (74) Bartel,M (2622)-Fressinet,L (2702) Berlin 2015}) 12... Bb7 13. Nb3 a5 14. a4 b4 15. Nfd2 bxc3 16. bxc3 Nb8 17. Qb1 Nc6 18. d4 exd4 19. cxd4 Ba6 (19... Qb8 $11 {remains equal.}) 20. d5 $16 Nb4 21. Nxa5 c5 $1 22. Nac4 $1 Bxc4 23. Nxc4 Nxc2 24. Qxc2 Rxe4 25. a5 Re8 26. Qd3 Nd7 27. Bf4 Qf6 28. Bg3 g6 29. Rab1 Reb8 30. Rxb8 Rxb8 31. Qc2 Kg7 $2 (31... h5 $16 {might work better.} 32. a6 Ra8) 32. Rb1 Rxb1+ $2 (32... h5 33. a6 Ra8) 33. Qxb1 $18 {[#] Black must now prevent a6.} Qc3 34. Qa2 {Strongly threatening a6.} Qc1+ (34... Nf6 $142 35. a6 Nxd5) 35. Kh2 Nf6 36. a6 {[%cal Ba5a6,Ba6a7][%mdl 32]} Nxd5 37. a7 Nc7 38. Nxd6 Bxd6 39. Bxd6 {White mates.} Na8 {[#]} 40. Qd5 $1 {[%mdl 576] Double Attack} Nb6 41. Be5+ Kg8 42. Qd8+ {[%mdl 64] Double Attack. Accuracy: White = 60%, Black = 27%.} 1-0

[Event "Portugal Open 2020"]
[Site "Lisbon"]
[Date "2020.01.25"]
[Round "1.5"]
[White "Twardowski, Hubert"]
[Black "Indjic, Aleksandar"]
[Result "0-1"]
[WhiteElo "1875"]
[BlackElo "2622"]
[Annotator "TA"]
[PlyCount "84"]
[EventDate "2020.01.25"]
[EventType "swiss"]
[EventCountry "POR"]
[SourceTitle "playchess.com"]
[Source "ChessBase"]
[SourceQuality "1"]

{[%evp 9,84,15,25,21,61,54,56,0,0,15,16,0,0,0,0,0,2,0,20,0,0,0,0,-6,16,-6,-2,-29,2,-27,-27,-24,-21,-77,-73,-72,-73,-73,-58,-58,-58,-58,-58,-58,-58,-98,0,0,0,0,0,0,0,5,50,-44,0,-44,0,-135,-102,-252,-83,-231,-162,-229,-211,-508,-473,-493,-463,-529,-496,-29987,-29988,-29987,-29988]} 1. e4 c5 2. Nf3 a6 3. d4 cxd4 4. Nxd4 e5 5. Nb3 Nf6 6. Bg5 {B28: Sicilian: 2 Nf3 a6 (O'Kelly Variation)} Bb4+ 7. c3 Be7 8. Bxf6 {White is slightly better.} (8. Qd3 O-O 9. N1d2 Nc6 10. Nc4 Nxe4 11. Bxe7 Nxe7 12. Nxe5 d5 13. Be2 Qd6 {0-1 (27) Stany,G (2399)-Bogner,S (2602) Leiden 2014}) 8... Bxf6 9. Na3 d6 $146 ({Predecessor:} 9... b5 10. Be2 d6 11. Nc2 Bb7 12. Bf3 O-O 13. O-O Bg5 {0-1 (51) Jonsson,O (1899)-Kvisla,J (2222) Helsingor 2009}) 10. Nc4 Be7 11. Ne3 O-O 12. Bc4 Nd7 13. O-O Nf6 14. Nd2 b5 15. Bb3 Rb8 16. Re1 Kh8 17. Qf3 g6 18. Ndf1 a5 19. a3 Bb7 20. Ng3 h5 21. Nd5 (21. Bc2 $1 $11) 21... Nxd5 22. Bxd5 Bxd5 23. exd5 h4 24. Nf1 f5 25. Ne3 Kg7 26. h3 Bg5 27. b4 a4 (27... Qc7 $17) 28. c4 $1 $11 bxc4 29. Nxc4 Qc7 30. Na5 e4 31. Qd1 {Nc6 is the strong threat.} Rbe8 32. Kh1 (32. Nc6 $14) 32... Kh6 33. Ra2 Qf7 34. Rae2 (34. Nc4 $11 {keeps the balance.} Qf6 35. Rc2) 34... Re5 $17 35. Qxa4 {[#]} (35. Kg1 $17) 35... Rxd5 $2 (35... f4 $1 $19 {[%cal Rf4f3] aiming for ...f3.} 36. Nc6 (36. Rxe4 $2 f3 $19) 36... Rxd5) 36. Qc6 (36. Qc2 $17) 36... Rd3 37. Nb7 (37. a4 {was necessary.}) 37... Bf4 38. a4 $2 (38. b5) 38... Rb8 $19 39. Na5 Rxb4 40. Rc2 Qd5 41. Qc7 {[#]} (41. Qxd5 $19 Rxd5 42. Nc6 Rxa4 43. Nd8) 41... Rb1 $1 {[%cal Rb1e1][%mdl 512]} 42. Rcc1 (42. Rxb1 Rd1+) 42... Rxc1 {Accuracy: White = 31%, Black = 56%.} 0-1

[Event "Portugal Open 2020"]
[Site "Lisbon"]
[Date "2020.01.25"]
[Round "1.6"]
[White "Ghazarian, Tigran"]
[Black "Hendrix, Joachim"]
[Result "1-0"]
[WhiteElo "1668"]
[BlackElo "1868"]
[Annotator "NA"]
[PlyCount "59"]
[EventDate "2020.01.25"]
[EventType "swiss"]
[EventCountry "POR"]
[SourceTitle "playchess.com"]
[Source "ChessBase"]
[SourceQuality "1"]
[TimeControl "5400+30"]

1. e4 {[%emt 0:00:00]} g6 {[%emt 0:00:00]} 2. d4 {[%emt 0:00:00]} Bg7 {[%emt 0:00:00]} 3. Nf3 {[%emt 0:00:01]} d6 {[%emt 0:00:00]} 4. Bc4 {[%emt 0:00:12]} Nc6 {[%emt 0:00:00]} 5. O-O {[%emt 0:05:13]} Nf6 {[%emt 0:01:40]} 6. Qe2 {[%emt 0:00:57]} Bg4 {[%emt 0:03:05]} 7. Rd1 {[%emt 0:00:41]} e5 {[%emt 0:03:18]} 8. c3 {[%emt 0:00:43]} O-O {[%emt 0:02:11]} 9. h3 {[%emt 0:00:26]} Bxf3 {[%emt 0:01:36]} 10. Qxf3 {[%emt 0:00:05]} Nd7 {[%emt 0:01:29]} 11. Be3 {[%emt 0:00:07]} Kh8 {[%emt 0:00:41]} 12. Qg3 {[%emt 0:01:37]} Nf6 {[%emt 0:06:57]} 13. Qh4 {[%emt 0:28:46]} exd4 {[%emt 0:22:01]} 14. Bg5 {[%emt 0:00:51]} Ne5 {[%emt 0:15:33]} 15. Be2 {[%emt 0:00:29]} c5 {[%emt 0:07:47]} 16. cxd4 {[%emt 0:01:11]} cxd4 {[%emt 0:00:12]} 17. Rxd4 {[%emt 0:00:21]} Qb6 {[%emt 0:03:49]} 18. Rd2 {[%emt 0:00:15]} Ned7 {[%emt 0:03:03]} 19. Nc3 {[%emt 0:02:34]} Kg8 {[%emt 0:13:17]} 20. Qg3 {[%emt 0:07:25]} h6 {[%emt 0:04:15]} 21. Be3 {[%emt 0:01:44]} Qb4 {[%emt 0:04:40]} 22. Qxd6 Qxd6 {[%emt 0:00:20]} 23. Rxd6 {[%emt 0:00:50]} Rfe8 {[%emt 0:01:20]} 24. Rad1 {[%emt 0:00:05]} Nb6 {[%emt 0:00:21]} 25. f3 {[%emt 0:01:54]} Nh5 {[%emt 0:01:46]} 26. g4 {[%emt 0:00:43]} Ng3 {[%emt 0:00:18]} 27. Bb5 {[%emt 0:00:47]} Rec8 {[%emt 0:00:28]} 28. Bf4 {[%emt 0:00:22]} Bf8 {[%emt 0:00:20]} 29. R6d2 {[%emt 0:02:04]} a6 {[%emt 0:00:53]} 30. Bd3 {[%emt 0:00:05]} 1-0

[Event "Portugal Open 2020"]
[Site "Lisbon"]
[Date "2020.01.25"]
[Round "1.7"]
[White "Morais, Vitor"]
[Black "Iturrizaga Bonelli, Eduardo"]
[Result "0-1"]
[WhiteElo "1864"]
[BlackElo "2597"]
[Annotator "ChessBase"]
[PlyCount "68"]
[EventDate "2020.01.25"]
[EventType "swiss"]
[EventCountry "POR"]
[SourceTitle "playchess.com"]
[Source "ChessBase"]
[SourceQuality "1"]
[TimeControl "5400+30"]

1. Nf3 {[%emt 0:00:00]} Nf6 2. g3 {[%emt 0:00:00]} b6 {[%emt 0:07:54]} 3. Bg2 {[%emt 0:00:00]} Bb7 {[%emt 0:00:05]} 4. O-O {[%emt 0:00:00]} g6 {[%emt 0:00:13]} 5. d4 {[%emt 0:00:03]} Bg7 {[%emt 0:00:07]} 6. c4 {[%emt 0:00:08]} O-O {[%emt 0:00:19]} 7. Nc3 {[%emt 0:00:45]} Ne4 {[%emt 0:00:23]} 8. Qc2 {[%emt 0:01:42]} Nxc3 {[%emt 0:00:35]} 9. bxc3 {[%emt 0:00:12]} Nc6 {[%emt 0:01:10]} 10. Nd2 {[%emt 0:00:31]} Qc8 {[%emt 0:00:44]} 11. Ba3 {[%emt 0:02:15]} d6 {[%emt 0:01:28]} 12. Nb3 {[%emt 0:01:45]} Nd8 {[%emt 0:03:14]} 13. e4 {[%emt 0:03:40]} c5 {[%emt 0:00:01]} 14. dxc5 {[%emt 0:01:16]} dxc5 {[%emt 0:00:17]} 15. Rfd1 {[%emt 0:00:25]} Qe6 {[%emt 0:00:39]} 16. Rd5 {[%emt 0:03:51]} Bxd5 {[%emt 0:00:22]} 17. cxd5 {[%emt 0:00:08]} Qd7 {[%emt 0:00:04]} 18. Rd1 {[%emt 0:01:11]} Qa4 {[%emt 0:00:24]} 19. Bb2 {[%emt 0:01:55]} Nb7 {[%emt 0:00:20]} 20. Rc1 {[%emt 0:19:51]} Nd6 {[%emt 0:00:17]} 21. Nd2 {[%emt 0:00:27]} Qxc2 {[%emt 0:05:25]} 22. Rxc2 {[%emt 0:00:09]} f5 {[%emt 0:00:03]} 23. exf5 {[%emt 0:03:42]} gxf5 {[%emt 0:00:08]} 24. f4 {[%emt 0:00:22]} b5 {[%emt 0:00:31]} 25. Bf1 {[%emt 0:03:42]} c4 {[%emt 0:04:01]} 26. Ba3 {[%emt 0:01:42]} a5 {[%emt 0:08:27]} 27. Bxd6 {[%emt 0:00:50]} exd6 {[%emt 0:00:05]} 28. Nf3 {[%emt 0:00:48]} Rfc8 {[%emt 0:01:02]} 29. Bh3 {[%emt 0:01:07]} b4 {[%emt 0:00:05]} 30. cxb4 {[%emt 0:01:06]} axb4 31. Bxf5 Rc5 {[%emt 0:04:07]} 32. Nd2 {[%emt 0:03:23]} Bc3 {[%emt 0:01:44]} 33. Ne4 {[%emt 0:03:50]} Bd4+ {[%emt 0:00:07]} 34. Kg2 {[%emt 0:01:56]} b3 {[%emt 0:00:01]} 0-1

[Event "Portugal Open 2020"]
[Site "Lisbon"]
[Date "2020.01.25"]
[Round "1.8"]
[White "Petrov, Nikita"]
[Black "Marcos Herrero, Francisco"]
[Result "1-0"]
[WhiteElo "2592"]
[BlackElo "1861"]
[Annotator "ChessBase"]
[PlyCount "43"]
[EventDate "2020.01.25"]
[EventType "swiss"]
[EventCountry "POR"]
[SourceTitle "playchess.com"]
[Source "ChessBase"]
[SourceQuality "1"]
[TimeControl "5400+30"]

1. c4 {[%emt 0:00:00]} c5 {[%emt 0:07:27]} 2. Nc3 {[%emt 0:00:06]} Nc6 {[%emt 0:00:13]} 3. Nf3 {[%emt 0:00:27]} g6 {[%emt 0:00:09]} 4. e3 {[%emt 0:00:11]} Bg7 {[%emt 0:00:25]} 5. d4 {[%emt 0:00:20]} cxd4 {[%emt 0:05:15]} 6. exd4 {[%emt 0:00:07]} d6 {[%emt 0:00:07]} 7. Be2 {[%emt 0:01:30]} Nf6 {[%emt 0:00:17]} 8. d5 {[%emt 0:00:17]} Nb8 {[%emt 0:00:15]} 9. O-O {[%emt 0:00:51]} O-O {[%emt 0:00:09]} 10. h3 {[%emt 0:04:16]} Nbd7 {[%emt 0:03:46]} 11. Be3 {[%emt 0:02:23]} a5 {[%emt 0:02:18]} 12. Re1 {[%emt 0:01:08]} Nc5 {[%emt 0:00:14]} 13. Bf1 {[%emt 0:01:15]} Bd7 {[%emt 0:00:29]} 14. Bd4 {[%emt 0:01:55]} Re8 {[%emt 0:00:33]} 15. Qd2 {[%emt 0:01:09]} a4 {[%emt 0:03:22]} 16. Re2 {[%emt 0:08:00]} Qa5 {[%emt 0:06:04]} 17. Rae1 {[%emt 0:03:17]} Kf8 {[%emt 0:05:16]} 18. Ng5 {[%emt 0:04:44]} Rac8 {[%emt 0:02:28]} 19. Re3 {[%emt 0:08:39]} h6 {[%emt 0:07:17]} 20. Nf3 {[%emt 0:01:14]} e5 {[%emt 0:03:58]} 21. dxe6 {[%emt 0:01:58]} Nxe6 {[%emt 0:00:50]} 22. Bxf6 {[%emt 0:02:54]} 1-0

[Event "Portugal Open 2020"]
[Site "Lisbon"]
[Date "2020.01.25"]
[Round "1.9"]
[White "Coelho, Pedro Rodrigo Dias"]
[Black "Asadli, Vugar"]
[Result "0-1"]
[WhiteElo "1856"]
[BlackElo "2538"]
[Annotator "ChessBase"]
[PlyCount "48"]
[EventDate "2020.01.25"]
[EventType "swiss"]
[EventCountry "POR"]
[SourceTitle "playchess.com"]
[Source "ChessBase"]
[SourceQuality "1"]
[TimeControl "5400+30"]

1. Nf3 {[%emt 0:00:00]} g6 {[%emt 0:01:16]} 2. c3 {[%emt 0:01:21]} Bg7 {[%emt 0:01:40]} 3. d4 {[%emt 0:02:08]} d6 {[%emt 0:01:13]} 4. e4 {[%emt 0:03:09]} Nd7 {[%emt 0:01:15]} 5. Qc2 {[%emt 0:09:47]} b6 {[%emt 0:01:08]} 6. Bg5 {[%emt 0:06:15]} Bb7 {[%emt 0:00:16]} 7. Nbd2 {[%emt 0:00:45]} h6 {[%emt 0:02:21]} 8. Bh4 {[%emt 0:00:15]} g5 {[%emt 0:01:11]} 9. Bg3 {[%emt 0:00:06]} e6 {[%emt 0:00:05]} 10. Bd3 {[%emt 0:10:29]} Qe7 {[%emt 0:01:28]} 11. O-O-O {[%emt 0:10:36]} Ngf6 {[%emt 0:02:25]} 12. h3 {[%emt 0:07:10]} Nh5 {[%emt 0:02:17]} 13. Bh2 {[%emt 0:08:47]} Nf4 {[%emt 0:00:34]} 14. Rhe1 {[%emt 0:11:39]} Nxd3+ {[%emt 0:04:41]} 15. Qxd3 {[%emt 0:00:05]} O-O-O {[%emt 0:01:51]} 16. Nb3 {[%emt 0:12:09]} h5 {[%emt 0:00:15]} 17. Kb1 {[%emt 0:07:15]} Rhe8 {[%emt 0:02:28]} 18. Nfd2 {[%emt 0:01:49]} g4 {[%emt 0:00:08]} 19. hxg4 {[%emt 0:01:37]} hxg4 {[%emt 0:00:02]} 20. Qg3 {[%emt 0:01:21]} Rh8 {[%emt 0:00:36]} 21. Rh1 {[%emt 0:00:14]} Rh4 {[%emt 0:00:39]} 22. f4 {[%emt 0:00:32]} Rdh8 {[%emt 0:00:27]} 23. Ka1 {[%emt 0:00:40]} Qf6 {[%emt 0:01:23]} 24. a4 {[%emt 0:03:17]} Qh6 {[%emt 0:00:35]} 0-1

[Event "Portugal Open 2020"]
[Site "Lisbon"]
[Date "2020.01.25"]
[Round "1.10"]
[White "Arizmendi Martinez, Julen Luis"]
[Black "Reis, Luis Simoes"]
[Result "1-0"]
[WhiteElo "2505"]
[BlackElo "1855"]
[Annotator "TA"]
[PlyCount "51"]
[EventDate "2020.01.25"]
[EventType "swiss"]
[EventCountry "POR"]
[SourceTitle "playchess.com"]
[Source "ChessBase"]
[SourceQuality "1"]

{[%evp 15,83,41,43,17,17,17,17,17,17,18,17,8,8,2,25,23,25,19,27,24,12,10,11,14,14,6,9,0,9,0,21,21,21,21,19,19,15,-4,241,223,244,236,225,239,236,231,256,245,268,271,314,303,287,300,274,281,401,396,379,333,477,479,571,570,744,732,777,743,818,795]} 1. e4 d6 2. d4 Nf6 3. Nc3 g6 4. Nf3 Bg7 5. Be2 O-O 6. O-O Nc6 7. d5 Ne5 8. Nxe5 dxe5 9. Be3 {B08: Pirc Defence: Classical System} (9. Bg5 h6 10. Bh4 Ne8 11. Na4 g5 12. Bg3 Nd6 13. f3 e6 14. c4 exd5 15. cxd5 f5 16. Qc2 f4 17. Bf2 b6 18. Rfc1 {1-0 (42) Jakovenko,D (2714)-Bocharov,D (2611) Novosibirsk 2016}) 9... e6 10. Bc5 Re8 $1 11. Bb5 {The position is equal.} Bd7 {[#] And now ...Bxb5 would win.} 12. dxe6 Rxe6 13. Qe2 b6 $146 ({Predecessor:} 13... c6 14. Bc4 Re8 15. Rad1 Qc8 16. Rd2 b5 {0-1 (41) Sakhayi,M (2122)-Sadeh,S (2252) Tabriz 2013}) 14. Bxd7 Qxd7 15. Be3 c6 16. Rad1 Rd6 17. Rxd6 Qxd6 18. Rd1 Qb4 19. Bc1 Qe7 20. Qc4 Qb7 21. Rd6 Rc8 22. Qd3 Ne8 23. Rd7 Rc7 24. Rd8 Rc8 25. Bg5 $36 {[%mdl 2048] Black is under pressure.} h6 26. Be3 {Played: Bg5-e7} 1-0

[Event "Portugal Open 2020"]
[Site "Lisbon"]
[Date "2020.01.25"]
[Round "1.11"]
[White "Leao, Tiago Miguel Da Silv"]
[Black "Ten Hertog, Hugo"]
[Result "0-1"]
[WhiteElo "2136"]
[BlackElo "2503"]
[Annotator "ChessBase"]
[PlyCount "62"]
[EventDate "2020.01.25"]
[EventType "swiss"]
[EventCountry "POR"]
[SourceTitle "playchess.com"]
[Source "ChessBase"]
[SourceQuality "1"]
[TimeControl "5400+30"]

1. e4 {[%emt 0:00:00]} g6 {[%emt 0:00:00]} 2. d4 {[%emt 0:00:30]} Bg7 {[%emt 0:00:00]} 3. Nc3 {[%emt 0:03:29]} a6 {[%emt 0:00:00]} 4. Be3 {[%emt 0:03:03]} b5 {[%emt 0:00:14]} 5. a3 {[%emt 0:07:50]} Bb7 {[%emt 0:00:28]} 6. f3 {[%emt 0:01:57]} d6 {[%emt 0:02:03]} 7. Qd2 {[%emt 0:02:59]} Nd7 {[%emt 0:00:06]} 8. h4 {[%emt 0:02:40]} h6 {[%emt 0:03:40]} 9. Nge2 {[%emt 0:07:19]} Rc8 {[%emt 0:04:54]} 10. Ng3 {[%emt 0:05:13]} h5 {[%emt 0:04:00]} 11. Rd1 {[%emt 0:06:10]} c5 {[%emt 0:03:57]} 12. Be2 {[%emt 0:09:18]} cxd4 {[%emt 0:09:12]} 13. Bxd4 {[%emt 0:00:20]} Bxd4 {[%emt 0:02:12]} 14. Qxd4 {[%emt 0:00:25]} Ngf6 {[%emt 0:00:04]} 15. O-O {[%emt 0:07:41]} Qb6 {[%emt 0:11:25]} 16. Qxb6 {[%emt 0:04:33]} Nxb6 {[%emt 0:00:05]} 17. Bd3 {[%emt 0:00:59]} Nfd7 {[%emt 0:01:42]} 18. f4 {[%emt 0:01:13]} Nc4 {[%emt 0:08:12]} 19. Bxc4 {[%emt 0:02:01]} Rxc4 {[%emt 0:00:58]} 20. Rd3 {[%emt 0:03:35]} O-O {[%emt 0:05:45]} 21. b3 {[%emt 0:07:11]} Rc7 {[%emt 0:00:37]} 22. Nd5 {[%emt 0:01:52]} Bxd5 {[%emt 0:00:35]} 23. Rxd5 {[%emt 0:00:08]} Nf6 {[%emt 0:03:50]} 24. Rd2 {[%emt 0:00:34]} Rfc8 {[%emt 0:00:07]} 25. Rff2 {[%emt 0:00:12]} Rc3 {[%emt 0:00:18]} 26. e5 dxe5 {[%emt 0:02:50]} 27. fxe5 {[%emt 0:01:30]} Ng4 {[%emt 0:00:04]} 28. Ne4 {[%emt 0:01:57]} Re3 {[%emt 0:00:14]} 29. Rfe2 {[%emt 0:00:09]} Rxb3 {[%emt 0:01:13]} 30. g3 {[%emt 0:02:56]} Rxa3 {[%emt 0:00:40]} 31. e6 {[%emt 0:00:35]} f5 {[%emt 0:02:31]} 0-1